Propriedades locais das superfícies de Weingarten /

Na minha lista:
Detalhes bibliográficos
Autor principal: Gutiérrez Núñez, J. Miguel (autor)
Formato: Livro
Idioma:português
Colecção:(Informes de Matemática ; Série E-027/86)
Assuntos:
Tags: Adicionar Tag
Sem tags, seja o primeiro a adicionar uma tag!

MARC

LEADER 00000nam^a2200000^a^4500
001 000185897
005 20250521000000.0
009 20260310102208.953
037 |a Acervo ITESO - Biblioteca 
041 |a POR 
082 |a 516. 36  |b GUT 
100 |a Gutiérrez Núñez, J. Miguel  |e (autor) 
245 1 0 |a Propriedades locais das superfícies de Weingarten /  |c J.M. Gutiérrez Núñez. 
264 |a Río de Janeiro, Brasil :  |b Instituto de Matemática Pura e Aplicada,  |c 1986 
300 |a 37 p. 
336 |a texto  |b txt  |2 rdacontenido 
337 |a sin mediación  |b n  |2 rdamedio 
338 |a volumen  |b nc  |2 rdasoporte 
440 1 |a (Informes de Matemática ;  |v Série E-027/86) 
593 |a Tesis de Maestría en Matemáticas, Instituto de Matemática Pura y Aplicada, Río de Janeiro, Brasil 
649 |a XX 
650 |a Superficies de Weingarten 
650 |a Superficies (Matemáticas) 
650 |a Funciones (Matemáticas) 
650 |a Matemáticas -  |x Teoría 
650 |a Matemáticas -  |x Investigación 
910 |a Fondo General 
920 |a Impresos - Tesis Externas 
930 |a Colección General 
905 |a 101 
901 |a 0500127426  |b IT1  |c ACC  |u 20250521 
902 |a https://opac.biblio.iteso.mx/vufind/Record/000185897